Propuesta de normativas y manual de procedimientos para la realización de prácticas seguras en los laboratorios de electrotecnia y plantas térmicas correspondientes al departamento de energética, UNI-RUPAP
El entorno de los laboratorios requiere la manipulación de maquinaría y artefactos que generan factores de riesgo que pueden llegar a afectar negativamente las condiciones de seguridad de docentes, alumnos y encargado de laboratorio, por tanto, es necesario una actitud responsable de los partícip...
| Main Author: | |
|---|---|
| Other Authors: | |
| Format: | Tesis Section = Libro |
| Language: | Undetermined Spanish |
| Published: |
Managua
UNI
2018
|
| Subjects: |
| LEADER | 01906nam a2200277Ia 4500 | ||
|---|---|---|---|
| 008 | 240830s9999 xx 000 0 und d | ||
| 040 | |a BIBLIOTECA-RUPAP Mon 363.11 R173 | ||
| 041 | |a spa | ||
| 082 | |a Mon 363.11 R173 | ||
| 100 | 1 | |a Ramírez Vega, Frida Carola | |
| 245 | 1 | 0 | |a Propuesta de normativas y manual de procedimientos para la realización de prácticas seguras en los laboratorios de electrotecnia y plantas térmicas correspondientes al departamento de energética, UNI-RUPAP |
| 260 | |a Managua |b UNI |c 2018 | ||
| 300 | |a 254 p. :il. | ||
| 500 | |a Contiene: Anexos y CD. | ||
| 502 | |a Tesis (Ingeniero Industrial)- UNI, 2018. | ||
| 520 | 3 | |a El entorno de los laboratorios requiere la manipulación de maquinaría y artefactos que generan factores de riesgo que pueden llegar a afectar negativamente las condiciones de seguridad de docentes, alumnos y encargado de laboratorio, por tanto, es necesario una actitud responsable de los partícipes y una adecuada preparación previa al ingreso de los laboratorios, durante las prácticas y al salir de éstos. Por esta razón se desarrolló una Propuesta de Normativas y Manual de Procedimientos para la realización de Prácticas Seguras en los Laboratorios de Electrotecnia y Plantas Térmicas donde se consideraron actividades relacionadas con procedimientos de trabajo en los laboratorios de Electrotecnia y Plantas Térmicas, para ello se propuso un plan donde se delimitarán las normativas referidas a seguridad, ergonomía e higiene ocupacional dentro de las instalaciones. | |
| 650 | 7 | |a SEGURIDAD INDUSTRIAL | |
| 650 | 7 | |b NORMATIVAS DE HIGIENE Y SEGURIDAD | |
| 650 | 7 | |c SALUD OCUPACIONAL | |
| 650 | 7 | |d EVALUACION DE RIESGOS | |
| 650 | 7 | |e MANUALES ADMINISTRATIVOS | |
| 650 | 7 | |f LEY GENERAL DE HIGIENE Y SEGURIDAD | |
| 700 | 1 | |a Tutor: |b Vílchez Torres, Marcos Luis | |
| 942 | |c BK |2 ddc | ||
| 991 | |a TESIS | ||
| 999 | |c 15487 | ||